Lengua y literatura 1/2 / (Registro nro. 855)
[ vista simple ]
| 000 -LEADER | |
|---|---|
| fixed length control field | 01326nam a22002657a 4500 |
| 003 - CONTROL NUMBER IDENTIFIER | |
| control field | OSt |
| 005 - DATE AND TIME OF LATEST TRANSACTION | |
| control field | 20251217134230.0 |
| 008 - FIXED-LENGTH DATA ELEMENTS--GENERAL INFORMATION | |
| fixed length control field | 251217s2014 ag ||||| |||| 00| 0 spa d |
| 020 ## - INTERNATIONAL STANDARD BOOK NUMBER | |
| International Standard Book Number | 9789877310405 |
| 040 ## - CATALOGING SOURCE | |
| Language of cataloging | spa |
| Transcribing agency | Besoc |
| 245 00 - TITLE STATEMENT | |
| Title | Lengua y literatura 1/2 / |
| Statement of responsibility, etc. | Cecilia Serpa ... [et al.] |
| 250 ## - EDITION STATEMENT | |
| Edition statement | 1a ed. |
| 260 ## - PUBLICATION, DISTRIBUTION, ETC. | |
| Place of publication, distribution, etc. | Buenos Aires : |
| Name of publisher, distributor, etc. | sm, |
| Date of publication, distribution, etc. | 2014 |
| 300 ## - PHYSICAL DESCRIPTION | |
| Extent | 272 p. |
| 490 ## - SERIES STATEMENT | |
| Series statement | Proyecto nodos : Guía del docente |
| 500 ## - GENERAL NOTE | |
| General note | La edición incluye libro de selección literaria y ensayística: "Mientras caminamos" |
| 505 ## - FORMATTED CONTENTS NOTE | |
| Formatted contents note | Los textos literarios -- La literatura y los ámbitos de estudio literario y del lenguaje -- Perspectiva de lector -- El cuento de suspenso -- El cuento de humor -- El teatro -- El cuento de terror -- La poesía -- El guión cinematográfico -- La novela histórica -- Los textos del mundo -- La participación ciudadana --Lengua y ortografía -- El uso de la reflexión sobre el lenguaje -- Temas de ortografía -- Paradigma verbal -- Bibliografía. |
| 650 ## - SUBJECT ADDED ENTRY--TOPICAL TERM | |
| Topical term or geographic name entry element | Enseñanza de la lengua |
| General subdivision | Enseñanza de la literatura |
| -- | Educación secundaria |
| Form subdivision | Libros de texto |
| 700 1# - ADDED ENTRY--PERSONAL NAME | |
| Personal name | Vitali, Noelia Nair |
| Relator term | autor |
| 700 1# - ADDED ENTRY--PERSONAL NAME | |
| Personal name | Serpa, Cecilia |
| Relator term | autor |
| 700 1# - ADDED ENTRY--PERSONAL NAME | |
| Personal name | Calcagno, Mariana |
| Relator term | autor |
| 700 1# - ADDED ENTRY--PERSONAL NAME | |
| Personal name | Cordobés, Andrea |
| Relator term | autor |
| 700 1# - ADDED ENTRY--PERSONAL NAME | |
| Personal name | Baronzini, Andrea |
| Relator term | autor |
| 942 ## - ADDED ENTRY ELEMENTS (KOHA) | |
| Source of classification or shelving scheme | Universal Decimal Classification |
| Koha item type | Libro de préstamo a domicilio |
| Suppress in OPAC | No |
| Withdrawn status | Lost status | Source of classification or shelving scheme | Damaged status | Not for loan | Collection | Home library | Current library | Date acquired | Source of acquisition | Total checkouts | Full call number | Barcode | Date last seen | Price effective from | Koha item type |
|---|---|---|---|---|---|---|---|---|---|---|---|---|---|---|---|
| Universal Decimal Classification | Colección General | Biblioteca Escuela de Ciencias Sociales | Biblioteca Escuela de Ciencias Sociales | 17/12/2025 | Donación 2024 | 80(07) L566 | 000881 | 17/12/2025 | 17/12/2025 | Libro de préstamo a domicilio |